Las esquinas y otras cosas que se van : crónicas y narraciones /
محفوظ في:
| المؤلف الرئيسي: | |
|---|---|
| مؤلفون آخرون: | |
| التنسيق: | غير معروف |
| اللغة: | Spanish |
| منشور في: |
San José, Costa Rica :
Editorial de la Universidad de Costa Rica,
1993.
|
| الموضوعات: | |
| الوسوم: |
إضافة وسم
لا توجد وسوم, كن أول من يضع وسما على هذه التسجيلة!
|
MARC
| LEADER | 000000000a22000000004500 | ||
|---|---|---|---|
| 001 | 002714 | ||
| 020 | |a 9977672342 | ||
| 041 | 0 | |a spa | |
| 082 | 0 | 4 | |a CR863.4 |b U47e |
| 100 | 1 | |a Ulloa Gamboa, José Joaquín | |
| 245 | 1 | 4 | |a Las esquinas y otras cosas que se van : |b crónicas y narraciones / |c José Joaquín Ulloa Gamboa ; Hugo Díaz J., ilustraciones. |
| 260 | 1 | |a San José, Costa Rica : |b Editorial de la Universidad de Costa Rica, |c 1993. | |
| 300 | |a 124 páginas | ||
| 500 | |a La biblioteca contiene otros tres ejemplares con número de inscripción 14477, 14462 y 14461 | ||
| 650 | 4 | |a LITERATURA COSTARRICENSE | |
| 650 | 4 | |a CUENTO | |
| 700 | 1 | |a Díaz J., Hugo, |b ilustraciones | |
| 999 | |c 9077 |d 9077 | ||
| 942 | |c BK |h CR863.4 U47e |2 z | ||



